| 000 | 00592nam a22001691i 4500 | ||
|---|---|---|---|
| 001 | 183707 | ||
| 003 | ES-MaACL | ||
| 005 | 20251207063033.0 | ||
| 008 | 140929s1914 sp |||| | spa d | ||
| 100 | 1 |
_aPena y Pérez, Pedro _9155625 |
|
| 245 | 1 | 0 |
_aContribución al estudio clínico y experimental de la reacción de Loewi / _cpor Pedro Pena y Pérez. |
| 260 |
_aSantiago : _b[s.n.], _c1914 ( _fTip. de "El Eco de Santiago") |
||
| 300 |
_a32 p., 1 h., 1 lám. ; _c23 cm. |
||
| 500 | _aFacultad de Medicina de Madrid. | ||
| 852 |
_aES-MaACL _jT-1450-F-4 |
||
| 999 |
_c183707 _d183707 |
||